Lineárne programovanie

Saved in:
Bibliographic Details
Main Author: Plesník, Ján
Other Authors: Dupačová, Jitka, Vlach, Milan
Format: Book
Language:Slovak
Published: Bratislava Alfa 1990
Edition:1. vyd.
Tags: Add Tag
No Tags, Be the first to tag this record!

MARC

LEADER 00000nam a2200000 4500
001 c034982
005 20221215070810.1
041 0 |a slo 
044 |a SK 
245 1 0 |a Lineárne programovanie  |c Ján Plesník, Jitka Dupačová, Milan Vlach 
250 |a 1. vyd. 
264 1 |a Bratislava  |b Alfa  |c 1990 
300 |a 314 s. 
100 1 |a Plesník, Ján 
700 1 |a Dupačová, Jitka 
700 1 |a Vlach, Milan